Les 50 villes les plus peuplées du Pas de Calais - Statistiques

Statistiques générales
  • Ce quiz a été pris 105 fois
  • Le résultat moyen est 16 sur 50
Statistiques - réponses
Ville Population % Correct
Calais 67 585
99%
Arras 42 621
91%
Lens 32 697
91%
Boulogne-sur-Mer 41 039
87%
Béthune 25 342
78%
Liévin 30 113
68%
Henin-Beaumont 25 764
63%
Saint-Omer 14 358
63%
Berck 12 967
62%
Bruay-la-Buissière 21 997
49%
Avion 17 571
47%
Aire-sur-la-Lys 9 568
41%
Lillers 10 200
38%
Carvin 17 966
37%
Noeux-les-Mines 11 384
37%
Etaples 10 693
35%
Outreau 13 398
35%
Auchel 10 124
34%
Marck 10 468
31%
Bully-les-Mines 12 172
29%
Le Portel 8 824
28%
Longuenesse 10 559
26%
Méricourt 11 651
25%
Courrières 10 160
24%
Beuvry 9 078
22%
Loos-en-Gohelle 6 850
22%
Noyelles-sous-Lens 6 757
22%
Wimereux 6 307
21%
Harnes 12 264
19%
Libercourt 8 047
19%
Sallaumines 9 633
19%
Wingles 8 734
19%
Arques 9 526
18%
Billy-Montigny 8 027
18%
Barlin 7 330
16%
Saint-Martin-Boulogne 11 036
16%
Isbergues 8 653
15%
Saint-Laurent-Blangy 6 492
15%
Achicourt 7 899
13%
Houdain 6 990
13%
Vendin-le-Vieil 8 596
13%
Divion 6 830
12%
Mazingarbe 8 164
12%
Rouvroy 8 675
10%
Courcelles-lès-Lens 8 015
7%
Fouquières-lès-Lens 6 134
7%
Grenay 6 674
6%
Oignies 10 260
6%
Leforest 7 120
4%
Montigny-en-Gohelle 9 667
1%
Aucun quiz correspondant
Distribution des résultats
% des personnes avec chaque résultat
Percentile par nombre de réponses
Votre historique - résultats
Vous n’avez pas pris ce quiz